Povsednevnyj mir sovetskogo čeloveka 1920 - 1940-ch gg.: sb. nauč. st. / Red.-sost.: E. F. Krinko, T. P. Chlynina. - Rostov na Donu: Izdvo JUNC RAN, 2009. - 384 s. (Svet každodennosti sovietskeho človeka v 20. - 40. rokoch 20. storočia: zborník vedeckých prác. Red. J. F. Krinko, T. P. Chlynina. Rostov na Done: Vyd. JNC RAN, 2009. - 384 s.

Bibliographic Details
Main Author: Jelisejev, Alexej Borisovič (Author)
Other Authors: Šmigeľ, Michal, 1975- (Translator)
Format: Article
Language:Slovak
ISSN:1336-7528
Subjects:

MARC

LEADER 00000nab a2200000 a 4500
001 vtls010457824
003 SK-MaSNL
005 20260304024729.0
008 121009c2011 xo r m 000 b0slo
015 |a SNBRA2011/10SVKPO 
038 |a SVKPO 
040 |a SVKPOCL  |b slo  |c SVKPOCL  |e AACR2 
041 1 |a slo  |b rus 
044 |a xo  |c SK 
080 |a 316.728(47+57)  |2 2001 
080 |a (048)  |2 2001 
080 |a 394(47+57)  |2 2001 
080 |a 304.3(47+57)  |2 2001 
080 |a 94(47+57)  |2 2001 
100 1 |a Jelisejev, Alexej Borisovič  |4 aut  |9 1305810 
245 1 0 |a Povsednevnyj mir sovetskogo čeloveka 1920 - 1940-ch gg.: sb. nauč. st. / Red.-sost.: E. F. Krinko, T. P. Chlynina. - Rostov na Donu: Izdvo JUNC RAN, 2009. - 384 s.  |b (Svet každodennosti sovietskeho človeka v 20. - 40. rokoch 20. storočia: zborník vedeckých prác. Red. J. F. Krinko, T. P. Chlynina. Rostov na Done: Vyd. JNC RAN, 2009. - 384 s.  |c Alexej Borisovič Jelisejev Minsk, Bielorusko; preklad z ruštiny M. Šmigeľ 
648 7 |a 1920-1940  |2 SNK  |9 307809 
650 0 7 |a každodenný život  |2 SNKPH  |9 4946 
650 0 7 |a spôsob života  |2 SNK  |9 273332 
650 0 7 |a dejiny každodenného života  |2 SNKPH  |9 212338 
651 7 |a Sovietsky zväz  |2 SNKPHgeo  |9 22126 
655 7 |a zborníky  |2 SNKPH  |9 70165 
655 7 |a recenzie  |2 SNKPH  |9 21907 
700 1 |a Šmigeľ, Michal,  |d 1975-  |4 trl  |9 253844 
773 0 |t Annales historici Presovienses /g Roč. 11, č. 1 (2011), s. 173-176  |x 1336-7528 
787 0 8 |i Rec.:  |t Povsednevnyj mir sovetskogo čeloveka 1920 - 1940-ch gg.: sb. nauč. st. [Svet každodennosti sovietskeho človeka v 20. - 40. rokoch 20. storočia: zborník vedeckých prác]  |d Rostov na Donu: Izdvo JUNC RAN, 2009 [Rostov na Done: Vyd. JNC RAN, 2009] 
852 |a SVKPO  |b KIS3GCP 
958 |a SK 
958 |a NB 
958 |a RU 
958 |a RC 
999 |c 2623321  |d 2625251